000 00767nam a2200181Ia 4500
008 100921s9999 xx 000 0 und d
082 _b30927
_a750 थ 99
100 _aकुलकर्णी प्रशांत.
245 _aनिवडक मराठी व्य्ंागचित्रे.
260 _bअक्षर प्रकाशन, मुंबई.
_c1999
300 _a271
_bरसिक साहित्य,पुणे
365 _b400
520 _aकला-चित्रकला.
630 _aनिवडक मराठी व्य्ंागचित्रे.
650 _aकला-चित्रकला.
730 _aनिवडक मराठी व्य्ंागचित्रे.
942 _cBOOK
999 _c780040
_d780037